Po ovocí poznáš, kto je kto-

Bibliographic Details
Main Author: Raučinová, Mária (Author)
Format: Article
Language:Slovak
PhysicalDescription:Fotogr.
ISSN:0139-8512
Subjects:

MARC

LEADER 00000nab a2200000 ar4500
001 vtls008998541
003 SK-MaSNL
005 20260303065850.0
008 070613c2007 xo mr|p|||||||000 b|slo
015 |a SNBRB2007/06  |2 snkbucl 
038 |a SNKBUCL 
040 |a SNKBUCL  |b slo  |c SNKBUCL  |e AACR2 
041 0 |a slo 
044 |a xo  |c SK 
080 |a 269.8  |2 1997 
100 1 |a Raučinová, Mária  |4 aut  |9 418556 
245 1 0 |a Po ovocí poznáš, kto je kto-  |c Mária Raučinová 
300 |b Fotogr. 
650 0 7 |a duchovná obnova  |2 snkbucl  |9 31779 
773 0 |t Katolícke noviny  |g Roč. 122, č. 22 (2007), s. 9  |x 0139-8512 
852 |a SNK  |b KIS3GCP 
958 |a NT 
999 |c 1753033  |d 1754963